El crimen de Orcival / (Record no. 54773)

MARC details
000 -LEADER
campo de control de longitud fija 00813nam a22002295i 4500
001 - NÚMERO DE CONTROL
campo de control 54773
003 - IDENTIFICADOR DE NÚMERO DE CONTROL
campo de control ES-MaACL
005 - FECHA Y HORA DE LA ÚLTIMA TRANSACCIÓN
campo de control 20250716053239.0
007 - CAMPO FIJO DE DESCRIPCIÓN FÍSICA--INFORMACIÓN GENERAL
campo de control de longitud fija t|
008 - DATOS DE LONGITUD FIJA--INFORMACIÓN GENERAL
campo de control de longitud fija 960729s1872 sp ||||1| spa d
040 ## - FUENTE DE CATALOGACIÓN
Centro catalogador/agencia de origen CAM
Lengua de catalogación spa
Centro/agencia transcriptor CAM
100 1# - ENTRADA PRINCIPAL--NOMBRE DE PERSONA
Nombre de persona Gaboriau, Emile.
9 (RLIN) 53145
245 13 - MENCIÓN DEL TÍTULO
Título El crimen de Orcival /
Mención de responsabilidad, etc. por Emilio Gaboriau ; traducida por Joaquina García Balmaseda.
260 ## - PUBLICACIÓN, DISTRIBUCIÓN, ETC.
Lugar de publicación, distribución, etc. Madrid :
Nombre del editor, distribuidor, etc. [s.n.],
Fecha de publicación, distribución, etc. 1872 (
Fabricante Imp. de "La Correspondencia de España" á cargo de Julián Gonzalez)
300 ## - DESCRIPCIÓN FÍSICA
Extensión 146 p. ;
Dimensiones 24 cm.
490 1# - MENCIÓN DE SERIE
Mención de serie Biblioteca de La Correspondencia de España
500 ## - NOTA GENERAL
Nota general Texto a dos columnas.
700 1# - ENTRADA AGREGADA--NOMBRE PERSONAL
Nombre de persona García Balmaseda, Joaquina,
Fechas asociadas al nombre 1837-1911
9 (RLIN) 54217
830 0# - PUNTO DE ACCESO ADICIONAL DE SERIE-TÍTULO UNIFORME
Título uniforme Biblioteca de La Correspondencia de España
9 (RLIN) 182488
852 ## - LOCALIZACIÓN
Ubicación ES-MaACL
Número de control de estantería T-673-F-3
Holdings
Estatus retirado Estado de pérdida Estado de daño No para préstamo Colección Biblioteca de origen Biblioteca actual Ubicación en estantería Fecha de adquisición Fuente de adquisición Total de préstamos Signatura topográfica completa Código de barras Visto por última vez Precio de reemplazo Tipo de ítem Koha
        Colección de folletos Biblioteca del Ateneo de Madrid Biblioteca del Ateneo de Madrid Depósito folletos 17/01/2008     T-673-F-3 1057554 23/02/2023 23/02/2023 Folleto